| 000 | 00424nam a2200181Ia 4500 | ||
|---|---|---|---|
| 003 | LK-CoDNM | ||
| 008 | 010623t1952 xxu||||| |||| 00| 1 sin d | ||
| 040 |
_aLK-CoDNM _dLK-CoDNM _eLK-CoDNM |
||
| 041 | _asin | ||
| 080 | _ax UVA | ||
| 100 | _aAmarakoon, G.S. | ||
| 245 | _aසැගවුණු ඌව | ||
| 246 | _aSegaunu uva | ||
| 260 |
_b _c1952 |
||
| 300 | _b15, 22 cm | ||
| 650 | _aAria Discription | ||
| 942 | _cBK | ||
| 999 |
_c102819 _d102819 |
||